<The> Brand Chartering Handbook How Brand Organizations Learn Living Scripts

Saved in:
Bibliographic Details
Main Author: Macrae, Chris
Format: Book
Language:English
Published: Harlow Addison-Wesley Publ. Co. 1996
Edition:1. ed.
Series:<The> Economist Intelligence Unit
Subjects:
Tags: Add Tag
No Tags, Be the first to tag this record!

MARC

LEADER 00000nam a2200000 4500
001 c021753
005 20221205125012.1
020 |a 0-201-87743-0 
041 0 |a eng 
044 |a GB 
245 1 0 |a <The> Brand Chartering Handbook  |b How Brand Organizations Learn Living Scripts  |c Chris Macrae 
250 |a 1. ed. 
264 1 |a Harlow  |b Addison-Wesley Publ. Co.  |c 1996 
300 |a 413 s. 
490 1 |a <The> Economist Intelligence Unit 
830 0 |a <The> Economist Intelligence Unit 
610 2 0 |a známky ochranné 
610 2 0 |a firmy 
610 2 0 |a podnikanie obchodné 
610 2 0 |a produkty 
610 2 0 |a reklama 
610 2 0 |a symboly 
610 2 0 |a manažment 
610 2 0 |a konkurencia 
610 2 0 |a regióny 
610 2 0 |a meno obchodné 
610 2 0 |a logo 
610 2 0 |a zákazníci 
610 2 0 |a spoločnosti obchodné 
610 2 0 |a marketing 
610 2 0 |a príručky 
610 2 0 |a značky výrobné 
100 1 |a Macrae, Chris